Fin de siglo: la época de Balmaceda: modernización y cultura en Chile
-д хадгалсан:
| Үндсэн зохиолч: | |
|---|---|
| Формат: | Ном |
| Хэл сонгох: | испани |
| Хэвлэсэн: |
Santiago
Edit. Aconcagua
1988
|
| Нөхцлүүд: | |
| Шошгууд: |
Шошго нэмэх
Шошго байхгүй, Энэхүү баримтыг шошголох эхний хүн болох!
|
MARC
| LEADER | 00000nam a2200000 a 4500 | ||
|---|---|---|---|
| 001 | UCX0854 | ||
| 003 | CL-VaPUC | ||
| 008 | 900326e19880000CL |||||||||||||||||spa|d | ||
| 082 | 0 | 4 | |a 983.06 |b SUB |2 21 |
| 100 | 0 | |a Subercaseaux S., Bernardo |e author |9 316236 | |
| 245 | 1 | 0 | |a Fin de siglo: la época de Balmaceda: modernización y cultura en Chile |
| 300 | |a 323 p | ||
| 942 | |c BK | ||
| 945 | |d 19900326 00:00:00 | ||
| 260 | |a Santiago |b Edit. Aconcagua |c 1988 | ||
| 650 | 0 | |a Condiciones sociales |9 314078 | |
| 651 | 7 | |a CHILE |2 CL-VaPUC |9 316237 | |
| 583 | |a last modification |c 19900326 00:00:00 |k Rodrigo Vera | ||
| 999 | |c 222282 |d 222280 | ||
| 952 | |0 0 |1 0 |4 0 |6 983_060000000000000_SUB_1988 |7 0 |8 A |9 216751 |a BIBHIS |b BIBHIS |d 2019-11-15 |i 2855852 |l 1 |o 983.06 SUB 1988 |p 2855852 |r 2025-01-20 |s 2024-05-10 |w 2019-11-15 |y BK |k HIS | ||